| 000 | 00448nam a2200121 a 4500 | ||
|---|---|---|---|
| 001 | 000038565 | ||
| 005 | 20201002031311.0 | ||
| 008 | 130415s2003 cr 000 0 spa d | ||
| 040 |
_aDO-SdBNP _bspa _cBNPHU |
||
| 245 | 0 | 0 |
_aTrabajo urbano peligroso de niños, niñas y adolescentes en República Dominicana : _bdiagnóstico y análisis /. |
| 260 |
_aSan José, Costa Rica : _bOficina Internacional del Trabajo (OIT), _c2003. |
||
| 300 |
_a140 p. ; _c28 cm. |
||
| 999 |
_c38055 _d38055 |
||